McGraw-Hill handbook of English (Record no. 15426)
[ view plain ]
| 000 -LEADER | |
|---|---|
| fixed length control field | 00389cam a22001691 4500 |
| 082 ## - DEWEY DECIMAL CLASSIFICATION NUMBER | |
| Classification number | 808 |
| 100 1# - MAIN ENTRY--AUTHOR NAME | |
| Personal name | Shaw, Harry, 1905- |
| 245 10 - TITLE STATEMENT | |
| Title | McGraw-Hill handbook of English |
| 250 ## - EDITION STATEMENT | |
| Edition statement | 2d. ed. |
| 260 ## - PUBLICATION, DISTRIBUTION, ETC. (IMPRINT) | |
| Place of publication | New York, |
| Name of publisher | McGraw-Hill |
| Year of publication | 1960 |
| 300 ## - PHYSICAL DESCRIPTION | |
| Number of Pages | 500 p. |
| 650 #0 - SUBJECT ADDED ENTRY--TOPICAL TERM | |
| Topical Term | English language |
| 650 #0 - SUBJECT ADDED ENTRY--TOPICAL TERM | |
| Topical Term | English language |
| 700 1# - ADDED ENTRY--PERSONAL NAME | |
| Personal name | Shaffer, Virginia, |
| 942 ## - ADDED ENTRY ELEMENTS (KOHA) | |
| Koha item type | Books |
| 040 ## - CATALOGING SOURCE | |
| Transcribing agency | FM |
| Withdrawn status | Lost status | Home library | Current library | Date acquired | Cost, normal purchase price | Full call number | Accession Number | Koha item type |
|---|---|---|---|---|---|---|---|---|
| Reference Section | Reference Section | 12/05/2016 | 170.00 | 808 | 14122 | Books |